000 00711nam a2200253 a 4500
001 22597
003 SK-KTurca
005 20260401145855.0
008 180228s1968 xo 000 0 slo d
035 _aa000605908
040 _aUKB
_bslo
_cUKB
_eAACR2
041 0 _aslo
044 _axo
_cSK
100 1 _aAssolant, Alfred
245 1 0 _aDobrodružstvá kapitána Korkorána
_cAlfred Assolant ; z franc. orig. prel. Víťazoslav Hečko ; ilustr. František Šesták
250 _a3. vyd.
260 _aBratislava
_bMladé letá
_c1968
300 _a345 s.
490 1 _aStopy
700 1 _aHečko, Víťazoslav
_4trl
700 1 _aŠesták, František
_4ill
830 _aStopy
942 _2ddc
_cKLDO
_n0
999 _c22597
_d22597